| 000 | 01074cad a22002535a 4500 | ||
|---|---|---|---|
| 001 | L139942 | ||
| 008 | 070821e20070908xxk f 000 0 eng d | ||
| 035 | _a(Sirsi) u139942 | ||
| 041 | 0 | _aeng | |
| 050 | 0 | 4 | _a333.337 $2 18 |
| 100 | 1 | _aHongbo Du, Grace | |
| 245 | 0 | 0 |
_aTransport accessibility and land value _ba case study of Tyne and Wear _h[Electronic resource] |
| 260 |
_aLondon _bRICS _c2007 |
||
| 490 | 0 |
_aRICS Research Paper Series _v7(3) July 2007(52) |
|
| 520 | _aAiming to inform the land value capture debate this study focuses on residential land examining land value through the form geographically weighted regression. T | ||
| 590 | _aKA | ||
| 650 | 2 | 4 | _aGEOGRAPHICALLY WEIGHTED REGRESSION |
| 651 | 4 | _aUNITED KINGDOM | |
| 690 | _aPROPERTY-RESIDENTIAL PROPERTY-RESIDENTIAL PROPERTY APPRAISAL AND VALUATION | ||
| 700 | 1 | _aMulley, Corinne | |
| 710 |
_aRoyal Institution of Chartered Surveyors _94900 |
||
| 856 | 4 | 8 |
_uhttps://www.rics.org/site/scripts/download_info.aspx?downloadID=2723 _zView this article free of charge at: www.rics.org... |
| 942 | _n0 | ||
| 999 |
_c107377 _d107377 |
||